000 01008nam a2200253 a 4500
003 BD-DhJNU
005 20251111055926.0
008 251108s2002 bg |||g |||| 000 1|ben|d
020 _a9789848057858
040 _aBD-DhJNU
_bben
_cBD-DhJNU
_dBD-DhJNU
041 _aben
082 _a759.5492 SOB
_223
100 _aSoikat, Dravir
242 1 0 _aBanglar Chitrokola / by Dravir Soikat
245 1 0 _aবাঙলার চিত্রকলা /
_cদ্রাবিড় সৈকত
246 _aBanglar Chitrokola
250 _a1st ed.
260 _aঢাকা :
_bপাঠক সমাবেশ,
_c2024.
300 _a১৮৫ পৃ. :
_bচিত্র ;
_c২১ সেমি.।
504 _aগ্রন্থপঞ্জিগত নির্দেশিকা ও নিঘন্ট অন্তভূক্ত
650 _aBengal painting (বাঙলার চিত্রকলা)
650 _aArt history (শিল্পকলার ইতিহাস)
942 _cBK
999 _c2356
_d2356